| Tag |
First Indicator |
Second Indicator |
Subfields |
| LEADER |
00000cam a2200000 4500 |
| 001 |
in00000027603 |
| 005 |
20151007062650.0 |
| 008 |
741219s1897 enk 00000 eng u |
| 010 |
|
|
|a 08020788
|
| 035 |
|
|
|a (OCoLC)01116432
|
| 035 |
|
|
|9 AAD5494AM
|
| 040 |
|
|
|c ITD
|d TXA
|d UtOrBLW
|
| 049 |
|
|
|a TXAM
|c [91434]
|
| 050 |
|
0 |
|a E211
|b .B97 1897
|
| 051 |
|
|
|a E211
|b .B9785
|c Copy 2.
|
| 092 |
|
|
|a 825
|b B959s, 1901
|
| 100 |
1 |
|
|a Burke, Edmund,
|d 1729-1797.
|
| 245 |
1 |
0 |
|a Speech on conciliation with America /
|c ed. with notes and an introduction, by Hammond Lamont...
|
| 264 |
|
1 |
|a Boston,
|a London :
|b Ginn & company,
|c (1897.)
|
| 300 |
|
|
|a 2 pages, lxxii, 152 pages ;
|c 19 cm.
|
| 336 |
|
|
|a text
|b txt
|2 rdacontent
|
| 337 |
|
|
|a unmediated
|b n
|2 rdamedia
|
| 338 |
|
|
|a volume
|b nc
|2 rdacarrier
|
| 490 |
1 |
|
|a The Athenaeum press series
|
| 651 |
|
0 |
|a United States
|x Politics and government
|y 1775-1783.
|
| 651 |
|
0 |
|a Great Britain
|x Colonies
|z America.
|
| 700 |
1 |
|
|a Lamont, Hammond,
|d 1864-1909.
|
| 830 |
|
0 |
|a Athenaeum press series.
|
| 999 |
|
|
|a MARS
|
| 999 |
f |
f |
|s e7c4f509-8b20-3551-9de8-4cb1182a1366
|i c49d6635-be81-389f-9a45-bb4477547b06
|t 0
|
| 952 |
f |
f |
|p noncirc
|a Texas A&M University
|b College Station
|c Cushing Memorial Library & Archives
|d Cushing: Kelsey Americana (Does not check out)
|t 0
|e E211 .B97 1897
|h Library of Congress classification
|i unmediated -- volume
|
| 952 |
f |
f |
|p ric
|a Texas A&M University
|b Rellis Campus
|c Joint Library Facility
|d Remote Storage
|t 0
|e E211 .B97 1897
|h Library of Congress classification
|i unmediated -- volume
|m A14801341202
|
| 998 |
f |
f |
|a E211 .B97 1897
|t 0
|l Cushing: Kelsey Americana (Does not check out)
|
| 998 |
f |
f |
|a E211 .B97 1897
|t 0
|l Remote Storage
|